00647nam a2200181Ia 4500020001600000020001500016040000800031082002600039100001900065245003800084260005800122300004100180500002100221520018500242650001300427650001200440650001300452 a1584855193  a1584855959 cLPU a971 PLE 2002 A111 Or.1 aYep, Laurence,10aSpring Pearl :bthe last flower / aMiddleton, Wis. :bPleasant Co. Publications,cc2002. a204 p. :bill. (some col.) ;c19 cm. a"American girl." aCalled boyish by her new family for being able to read and write, twelve-year-old orphaned Spring Pearl's "odd ways" help save the family during the 1857 Opim War in Canton, China. 0aFamilies 0aOrphans 0aSex role